[Event "Schloss op 1st"]
[Site "Heusenstamm"]
[Date "2014.11.21"]
[Round "2.54"]
[White "Mogler, Michael"]
[Black "Faerber, David"]
[Result "0-1"]
[WhiteElo "1115"]
[BlackElo "1732"]
[PlyCount "72"]
[EventDate "2014.11.??"]
[EventType "swiss"]
[EventRounds "7"]
[EventCountry "GER"]
[WhiteTeam "TuS Makkabi Frankfurt"]
[BlackTeam "SV Walldorf"]

1. e4 c6 2. d4 d5 3. e5 Bf5 4. Nf3 e6 5. Nc3 Ne7 6. Bd3 Bxd3 7. Qxd3 Nd7 8. O-O
c5 9. dxc5 Nc6 10. Be3 Nxc5 11. Qb5 a6 12. Qe2 Be7 13. Bd4 Nxd4 14. Nxd4 Qb6
15. Rab1 Nd7 16. Nf3 O-O 17. Qd3 Rac8 18. a3 Rc4 19. Rfe1 Rfc8 20. Qe3 Qxe3 21.
Rxe3 d4 22. Rd3 Bc5 23. h3 Nf8 24. Ne4 Rxc2 25. Nxd4 Bxd4 26. Rxd4 Re2 27. b3
Ng6 28. Kf1 Ra2 29. Nd6 Rcc2 30. Ne4 h6 31. Rd8+ Kh7 32. Rd7 Nxe5 33. Rxb7 f5
34. Nf6+ Kg6 35. Ne8 Rxf2+ 36. Ke1 Nd3+ 0-1

[Event "Schloss op 1st"]
[Site "Heusenstamm"]
[Date "2014.11.21"]
[Round "2.56"]
[White "Indorf, Noah David"]
[Black "Gelfenbaum, Daniel"]
[Result "0-1"]
[WhiteElo "977"]
[BlackElo "1715"]
[PlyCount "72"]
[EventDate "2014.11.??"]
[EventType "swiss"]
[EventRounds "7"]
[EventCountry "GER"]
[WhiteTeam "SC Heusenstamm"]
[BlackTeam "TuS Makkabi Frankfurt"]

1. e4 c6 2. d4 d5 3. exd5 cxd5 4. Nc3 Nf6 5. Nf3 Bg4 6. h3 Bxf3 7. Qxf3 e6 8.
Bb5+ Nc6 9. Bg5 Be7 10. O-O O-O 11. Rae1 Nxd4 12. Qd3 Nxb5 13. Nxb5 Qb6 14. Nc3
Rfe8 15. Qg3 Kh8 16. h4 h6 17. Bxf6 Bxf6 18. h5 Qxb2 19. Ne2 Qxc2 20. Nf4 Rac8
21. Re2 Qc4 22. Re3 Qxa2 23. Qg4 d4 24. Rg3 Rc3 25. Re1 Qa5 26. Rxc3 dxc3 27.
Rc1 Qa2 28. Qd1 Qd2 29. Qf1 Qxf4 30. g3 Qd2 31. Rd1 Qa2 32. Rd7 Qb2 33. Rd1 c2
34. Rc1 Rd8 35. g4 Qxc1 36. Qxc1 Rd1+ 0-1

[Event "Schloss op 1st"]
[Site "Heusenstamm"]
[Date "2014.11.21"]
[Round "2.57"]
[White "Fey, Karl-Heinz"]
[Black "Miller, Justin"]
[Result "0-1"]
[WhiteElo "884"]
[BlackElo "1712"]
[PlyCount "76"]
[EventDate "2014.11.??"]
[EventType "swiss"]
[EventRounds "7"]
[EventCountry "GER"]
[WhiteTeam "SC Hassloch"]
[BlackTeam "Sfr 1932 Kelkheim"]

1. c4 Nf6 2. g3 e6 3. a3 d5 4. cxd5 exd5 5. Bg2 c6 6. d4 Bd6 7. b4 O-O 8. Qc2
Re8 9. Nc3 Qb6 10. e3 Qxd4 11. Nf3 Qb6 12. O-O Bg4 13. Na4 Qc7 14. Nd4 Nbd7 15.
h3 Bh5 16. f4 h6 17. g4 Bg6 18. Qf2 Be4 19. g5 Bxg2 20. Kxg2 Ne4 21. Qf3 hxg5
22. fxg5 Ne5 23. Qh5 Ng6 24. Bb2 Ng3 25. Qf3 Nxf1 26. Qxf1 Be5 27. Rb1 Qe7 28.
Nf5 Qxg5+ 29. Kh1 Nh4 30. Nxh4 Qxh4 31. Qf3 Bxb2 32. Rxb2 Qe1+ 33. Kg2 Rxe3 34.
Qxe3 Qxe3 35. Rf2 Re8 36. Rf3 Qe4 37. Nc3 Qg6+ 38. Rg3 Qc2+ 0-1

[Event "Schloss op 1st"]
[Site "Heusenstamm"]
[Date "2014.11.21"]
[Round "3.1"]
[White "Li, Chao b"]
[Black "Klundt, Klaus"]
[Result "1-0"]
[WhiteElo "2722"]
[BlackElo "2320"]
[PlyCount "31"]
[EventDate "2014.11.??"]
[EventType "swiss"]
[EventRounds "7"]
[EventCountry "GER"]
[WhiteTeam "SK Schwaebisch Hall"]
[BlackTeam "SC Heusenstamm"]

1. d4 d5 2. c4 c6 3. cxd5 cxd5 4. Bf4 Nc6 5. e3 Nf6 6. Nc3 Bf5 7. Qb3 Na5 8.
Qa4+ Bd7 9. Qc2 e6 10. Bd3 Rc8 11. Nf3 Nc6 12. a3 Nh5 13. Be5 Nxe5 14. Nxe5 Bd6
15. Nxd7 Qxd7 16. Qe2 1-0

[Event "Schloss op 1st"]
[Site "Heusenstamm"]
[Date "2014.11.21"]
[Round "3.2"]
[White "Alber, Horst"]
[Black "Rausis, Igors"]
[Result "0-1"]
[WhiteElo "2305"]
[BlackElo "2586"]
[PlyCount "74"]
[EventDate "2014.11.??"]
[EventType "swiss"]
[EventRounds "7"]
[EventCountry "GER"]
[WhiteTeam "SK Marburg 1931/72"]
[BlackTeam "Godesberger SK"]

1. d4 d5 2. c4 dxc4 3. Nf3 c6 4. e3 Be6 5. Nc3 b5 6. a4 b4 7. Ne4 Nf6 8. Nc5
Bd5 9. Bd2 e6 10. Rc1 Bxc5 11. dxc5 a5 12. Bxc4 O-O 13. O-O Bxf3 14. gxf3 Na6
15. Bxa6 Rxa6 16. Qe2 Ra8 17. e4 Nh5 18. Rfd1 Qe8 19. Kh1 f5 20. b3 e5 21. exf5
Rxf5 22. Qc4+ Kh8 23. Be3 Nf6 24. Rd6 Qh5 25. Rg1 Qxf3+ 26. Rg2 Rg8 27. Kg1 Nd5
28. Rg3 Qd1+ 29. Kg2 Rgf8 30. Qe4 g6 31. h4 Qe1 32. Kh3 Qf1+ 33. Qg2 Nxe3 34.
Rxe3 Qb1 35. f3 e4 36. fxe4 Rf2 37. Qg3 Qf1+ 0-1

[Event "Schloss op 1st"]
[Site "Heusenstamm"]
[Date "2014.11.21"]
[Round "3.3"]
[White "Sumets, Andrey"]
[Black "Baskin, Robert"]
[Result "1-0"]
[WhiteElo "2580"]
[BlackElo "2212"]
[PlyCount "81"]
[EventDate "2014.11.??"]
[EventType "swiss"]
[EventRounds "7"]
[EventCountry "GER"]
[WhiteTeam "SF Lilienthal"]
[BlackTeam "TuS Makkabi Frankfurt"]

1. d4 Nf6 2. c4 g6 3. Nc3 Bg7 4. e4 d6 5. Nf3 O-O 6. Be2 e5 7. O-O exd4 8. Nxd4
Re8 9. f3 c6 10. Kh1 Nbd7 11. Bf4 Nh5 12. Be3 f5 13. Bf2 f4 14. Qd2 Be5 15.
Rfd1 a5 16. Na4 Nc5 17. Nxc6 Nxe4 18. Nxd8 Nxd2 19. Rxd2 Rxd8 20. Nb6 Rb8 21.
c5 Be6 22. Bc4 Kf7 23. Rad1 d5 24. Bxd5 Bxd5 25. Nxd5 Nf6 26. Nxf6 Bxf6 27. b3
Rxd2 28. Rxd2 Rd8 29. Be1 Bh4 30. Kg1 Rxd2 31. Bxd2 Be7 32. c6 bxc6 33. Bxa5
Ba3 34. Kf1 Ke6 35. Ke2 Kd5 36. Kd3 g5 37. Bd8 h6 38. h4 gxh4 39. Bxh4 Bc5 40.
a4 Bb6 41. Be1 1-0

[Event "Schloss op 1st"]
[Site "Heusenstamm"]
[Date "2014.11.21"]
[Round "3.4"]
[White "Cordes, Hans Joerg"]
[Black "Danin, Alexandre"]
[Result "0-1"]
[WhiteElo "2243"]
[BlackElo "2564"]
[PlyCount "44"]
[EventDate "2014.11.??"]
[EventType "swiss"]
[EventRounds "7"]
[EventCountry "GER"]
[WhiteTeam "VSG 1880 Offenbach"]
[BlackTeam "Bochumer SV"]

1. d4 Nf6 2. c4 g6 3. Nc3 d5 4. Nf3 Bg7 5. Bg5 dxc4 6. e3 Be6 7. Ne5 Nd5 8.
Nxc4 c5 9. Qb3 cxd4 10. exd4 Nc6 11. Qxb7 Rc8 12. Be2 O-O 13. Ne3 Nxc3 14. bxc3
Qa5 15. O-O Qxg5 16. d5 Bxd5 17. f4 Nd4 18. Nxd5 Nxe2+ 19. Kf2 Nxf4 20. Nxe7+
Kh8 21. Nxc8 Qc5+ 22. Kf3 Rxc8 0-1

[Event "Schloss op 1st"]
[Site "Heusenstamm"]
[Date "2014.11.21"]
[Round "3.5"]
[White "Borovikov, Vladislav"]
[Black "Heider, Martin"]
[Result "1-0"]
[WhiteElo "2556"]
[BlackElo "2132"]
[PlyCount "85"]
[EventDate "2014.11.??"]
[EventType "swiss"]
[EventRounds "7"]
[EventCountry "GER"]
[WhiteTeam "SC Siegburg"]
[BlackTeam "SC Herxheim"]

1. d4 Nf6 2. Nf3 c5 3. d5 g6 4. Nc3 d6 5. e4 Bg7 6. Be2 Bg4 7. Nd2 Bxe2 8. Qxe2
O-O 9. O-O Re8 10. Nc4 e6 11. Qf3 exd5 12. exd5 Nbd7 13. Bf4 Ne5 14. Bxe5 dxe5
15. Rfe1 e4 16. Nxe4 Nxe4 17. Rxe4 Rxe4 18. Qxe4 b5 19. Ne3 Bxb2 20. Rb1 Qf6
21. Ng4 Qg5 22. d6 Rf8 23. h4 Qd2 24. Rxb2 Qc1+ 25. Kh2 Qxb2 26. d7 h5 27. Ne5
Kg7 28. Qd5 Qc1 29. Qxc5 Qd2 30. Nd3 Qa5 31. Nb4 Qd8 32. Qd6 Qxh4+ 33. Kg1 Rd8
34. Nc6 Kh7 35. Nxd8 Qxd8 36. Qd5 Kg7 37. Qe5+ Kf8 38. Qc5+ Kg7 39. Qc8 Qg5 40.
d8=Q Qc1+ 41. Kh2 Qf4+ 42. Kh3 g5 43. Qg8+ 1-0

[Event "Schloss op 1st"]
[Site "Heusenstamm"]
[Date "2014.11.21"]
[Round "3.6"]
[White "Simon, Eric"]
[Black "Sadzikowski, Daniel"]
[Result "0-1"]
[WhiteElo "2114"]
[BlackElo "2496"]
[PlyCount "72"]
[EventDate "2014.11.??"]
[EventType "swiss"]
[EventRounds "7"]
[EventCountry "GER"]
[WhiteTeam "SV Bannewitz"]
[BlackTeam "SC Heusenstamm"]

1. d4 Nf6 2. Nf3 g6 3. g3 Bg7 4. Bg2 d5 5. O-O c6 6. c4 dxc4 7. Na3 b5 8. Ne5
Nd5 9. Bd2 O-O 10. Qc2 a5 11. Rfd1 Bb7 12. Be1 Qd6 13. Nf3 Nd7 14. Nb1 Rfd8 15.
a4 Nb4 16. Qc1 Nc5 17. Nbd2 Ne6 18. Ne4 Qc7 19. Bc3 Qb6 20. Bxb4 axb4 21. e3 c5
22. Nxc5 Nxc5 23. dxc5 Rxd1+ 24. Qxd1 Qxc5 25. axb5 Rxa1 26. Qxa1 Qxb5 27. Nd4
Bxd4 28. Bxb7 Qxb7 29. exd4 Qe4 30. Qd1 c3 31. bxc3 bxc3 32. f3 c2 33. Qd2 Qc6
34. Qc1 Qc3 35. Kf2 Qxd4+ 36. Ke2 Qc3 0-1

[Event "Schloss op 1st"]
[Site "Heusenstamm"]
[Date "2014.11.21"]
[Round "3.7"]
[White "Von Rahden, Arvid"]
[Black "Schmittdiel, Eckhard"]
[Result "0-1"]
[WhiteElo "2190"]
[BlackElo "2450"]
[PlyCount "64"]
[EventDate "2014.11.??"]
[EventType "swiss"]
[EventRounds "7"]
[EventCountry "GER"]
[WhiteTeam "SC Heusenstamm"]
[BlackTeam "SC Hansa Dortmund"]

1. e4 c5 2. Nc3 Nc6 3. g3 g6 4. d3 d6 5. Bg2 Bg7 6. Nge2 h5 7. h4 Nf6 8. f3 a6
9. Be3 e5 10. Qd2 Be6 11. O-O O-O 12. Nd1 b5 13. Bg5 Qb6 14. Bxf6 Bxf6 15. f4
c4+ 16. Kh1 cxd3 17. cxd3 exf4 18. gxf4 Bg4 19. f5 Qd8 20. Ndc3 Be5 21. Qg5
Qxg5 22. hxg5 b4 23. Bf3 bxc3 24. bxc3 Bxf3+ 25. Rxf3 d5 26. exd5 Ne7 27. d4
Bc7 28. c4 Nxf5 29. c5 Rfe8 30. d6 Bxd6 31. cxd6 Rxe2 32. d7 Re7 0-1

[Event "Schloss op 1st"]
[Site "Heusenstamm"]
[Date "2014.11.21"]
[Round "3.9"]
[White "Kreiling, Carsten"]
[Black "Skembris, Spyridon"]
[Result "0-1"]
[WhiteElo "2097"]
[BlackElo "2420"]
[PlyCount "184"]
[EventDate "2014.11.??"]
[EventType "swiss"]
[EventRounds "7"]
[EventCountry "GER"]
[WhiteTeam "SVG Eppstein 1932"]
[BlackTeam "SF Zaehringen"]

1. d4 Nf6 2. c4 e6 3. Nf3 a6 4. e3 c5 5. Nc3 d5 6. dxc5 Bxc5 7. a3 O-O 8. b4
Ba7 9. Bb2 Nc6 10. cxd5 exd5 11. Be2 Be6 12. O-O Qe7 13. Rc1 Rac8 14. Na4 Ne4
15. Bd4 Nxd4 16. exd4 Bg4 17. Nc5 b6 18. Nxe4 Rxc1 19. Qxc1 dxe4 20. Qe3 b5 21.
Ne5 Bxe2 22. Qxe2 Qb7 23. Rc1 Rc8 24. Rxc8+ Qxc8 25. g3 Qb7 26. Qc2 Bxd4 27.
Nc6 Bf6 28. Qxe4 g6 29. Qe8+ Kg7 30. Ne5 Qe7 31. Qxe7 Bxe7 32. Nc6 Bd6 33. Kf1
Kf6 34. Ke2 Bc7 35. Kd3 Ke6 36. f3 Kd5 37. Nd4 h5 38. Nb3 Be5 39. Nc5 a5 40.
Ne4 axb4 41. axb4 h4 42. f4 f5 43. Ng5 Bd6 44. Nf3 hxg3 45. hxg3 Bxb4 46. Ne5
g5 47. Nf3 gxf4 48. gxf4 Bd6 49. Nh4 Ke6 50. Nf3 Bc7 51. Ke2 Bb6 52. Kd3 Bc5
53. Kc3 Kd5 54. Kd3 b4 55. Nh4 Ke6 56. Kc4 Bd6 57. Kb3 Be7 58. Ng6 Bf6 59. Nf8+
Kd5 60. Ng6 Bc3 61. Kc2 Ke6 62. Kb3 Be1 63. Kc4 Kf6 64. Ne5 Bd2 65. Nd3 Kg6 66.
Ne5+ Kh5 67. Nf3 Bc3 68. Ng5 Kg4 69. Ne6 Kf3 70. Kd3 Bf6 71. Kc4 Be7 72. Kd3
Bd6 73. Kc4 Ke4 74. Kb3 Be7 75. Kc4 Ke3 76. Kb3 Kd3 77. Ng5 Ke3 78. Ne6 Kf3 79.
Kc4 Kg4 80. Kb3 Bd6 81. Kc4 Be7 82. Kb3 Kh5 83. Kc4 Kg6 84. Kb3 Bd6 85. Kc4 Kf6
86. Nd4 Bf8 87. Nf3 Be7 88. Nd4 Kg6 89. Nf3 Kh5 90. Ne5 Bd6 91. Nf7 Bxf4 92.
Kxb4 Bc7 0-1

[Event "Schloss op 1st"]
[Site "Heusenstamm"]
[Date "2014.11.21"]
[Round "3.10"]
[White "Zuyev, Igor"]
[Black "Henrich, David"]
[Result "1-0"]
[WhiteElo "2379"]
[BlackElo "2093"]
[PlyCount "89"]
[EventDate "2014.11.??"]
[EventType "swiss"]
[EventRounds "7"]
[EventCountry "GER"]
[WhiteTeam "SC Heusenstamm"]
[BlackTeam "SK Niederbrechen 1948"]

1. e4 d6 2. d4 Nf6 3. Nc3 e5 4. Nge2 exd4 5. Nxd4 Be7 6. Bf4 O-O 7. Qd2 Nc6 8.
Be2 Bd7 9. O-O Re8 10. h3 Bf8 11. f3 Ne5 12. Rfe1 Ng6 13. Be3 a5 14. Ndb5 Bxb5
15. Bxb5 c6 16. Be2 b5 17. a3 d5 18. exd5 b4 19. axb4 axb4 20. Ne4 Nxd5 21.
Rxa8 Qxa8 22. Bd4 Ngf4 23. Bc4 Qd8 24. Bf2 Rxe4 25. Rxe4 Qg5 26. Be1 Nxh3+ 27.
Kf1 Qf5 28. Bxd5 cxd5 29. Re8 Nf4 30. Rxf8+ Kxf8 31. Qxb4+ Ke8 32. Qb8+ Ke7 33.
g4 Qf6 34. Qb7+ Ke8 35. Qb5+ Kd8 36. Ba5+ Kc8 37. Qe8+ Kb7 38. Qd7+ Ka8 39.
Qc8+ Ka7 40. Bc7 g5 41. Qb8+ Ka6 42. Qa8+ Kb5 43. Qa5+ Kc4 44. b3+ Kd4 45. Qa1+
1-0

[Event "Schloss op 1st"]
[Site "Heusenstamm"]
[Date "2014.11.21"]
[Round "3.11"]
[White "Maar, Samuel"]
[Black "Carow, Johannes"]
[Result "0-1"]
[WhiteElo "1892"]
[BlackElo "2398"]
[PlyCount "78"]
[EventDate "2014.11.??"]
[EventType "swiss"]
[EventRounds "7"]
[EventCountry "GER"]
[WhiteTeam "SC Kaufungen"]
[BlackTeam "SF Heidesheim"]

1. c4 c5 2. g3 g6 3. Bg2 Bg7 4. e3 Nf6 5. Ne2 h5 6. h4 d5 7. d4 cxd4 8. Nxd4
dxc4 9. Qa4+ Nbd7 10. Qxc4 O-O 11. O-O Nb6 12. Qc2 e5 13. Ne2 Qe7 14. Nbc3 Be6
15. b3 Rac8 16. Qb2 Qc7 17. Bd2 Rfd8 18. Rac1 Qb8 19. Nb5 a6 20. Ba5 Nfd7 21.
Na3 Bf8 22. Nb1 Re8 23. Rfd1 Na8 24. Bc3 Nc7 25. Bxe5 Nxe5 26. Qxe5 Bxb3 27.
Qb2 Bxd1 28. Rxd1 Red8 29. Re1 Nb5 30. Nf4 Nd6 31. Bd5 Kh7 32. Qb3 Qc7 33. Qd3
Qc2 34. Qf1 Bh6 35. Bb3 Qb2 36. Nd3 Qf6 37. e4 Qd4 38. e5 Nf5 39. Nc1 Nxg3 0-1

[Event "Schloss op 1st"]
[Site "Heusenstamm"]
[Date "2014.11.21"]
[Round "3.12"]
[White "Solonar, Stefan"]
[Black "Schulte, Marius"]
[Result "1-0"]
[WhiteElo "2350"]
[BlackElo "2081"]
[PlyCount "43"]
[EventDate "2014.11.??"]
[EventType "swiss"]
[EventRounds "7"]
[EventCountry "GER"]
[WhiteTeam "SC Heusenstamm"]
[BlackTeam "SK Gruendau"]

1. c4 e6 2. Nc3 d5 3. d4 Nf6 4. cxd5 exd5 5. Bg5 c6 6. e3 Be7 7. Bd3 Bg4 8. Qc2
Bh5 9. Nf3 Bg6 10. Bxg6 hxg6 11. O-O-O Nbd7 12. Kb1 O-O 13. h4 Re8 14. Bf4 Bb4
15. Ng5 Bxc3 16. Qxc3 Ne4 17. Nxe4 dxe4 18. d5 cxd5 19. Rxd5 Qe7 20. h5 gxh5
21. Rdxh5 f6 22. Qb3+ 1-0

[Event "Schloss op 1st"]
[Site "Heusenstamm"]
[Date "2014.11.21"]
[Round "3.13"]
[White "Pap, Misa"]
[Black "Schloessner, Henrik"]
[Result "1-0"]
[WhiteElo "2473"]
[BlackElo "1938"]
[PlyCount "73"]
[EventDate "2014.11.??"]
[EventType "swiss"]
[EventRounds "7"]
[EventCountry "GER"]
[WhiteTeam "Sfr Korbach"]
[BlackTeam "SK Gruendau"]

1. e4 c6 2. d4 d5 3. Nd2 dxe4 4. Nxe4 Nd7 5. Ng5 Ngf6 6. Bc4 e6 7. Qe2 Nb6 8.
Bb3 h6 9. N5f3 a5 10. a4 Nbd5 11. Ne5 Qb6 12. Ngf3 Be7 13. O-O O-O 14. Rd1 Rd8
15. Bc4 Bf8 16. c3 Bd7 17. h3 Be8 18. Nh2 c5 19. Nhf3 Rac8 20. Be3 cxd4 21.
Bxd4 Bc5 22. g3 Bxd4 23. Rxd4 Ne7 24. Bb5 Nf5 25. Rxd8 Rxd8 26. Kg2 Nd6 27.
Bxe8 Nfxe8 28. Rd1 Nf5 29. Nc4 Qc7 30. Rxd8 Qxd8 31. Qe5 Qd3 32. Nxa5 b6 33.
Nc6 Nf6 34. Ncd4 Ne4 35. Nxf5 exf5 36. Qxf5 g6 37. Qxf7+ 1-0

[Event "Schloss op 1st"]
[Site "Heusenstamm"]
[Date "2014.11.21"]
[Round "3.14"]
[White "Syed, Tareq"]
[Black "Dorst, Johannes"]
[Result "0-1"]
[WhiteElo "2033"]
[BlackElo "2254"]
[PlyCount "72"]
[EventDate "2014.11.??"]
[EventType "swiss"]
[EventRounds "7"]
[EventCountry "GER"]
[WhiteTeam "SC Brett vorm Kopp Ffm"]
[BlackTeam "SK Marburg 1931/72"]

1. d3 e5 2. g3 d5 3. Bg2 f5 4. e4 dxe4 5. dxe4 Qxd1+ 6. Kxd1 c6 7. Bh3 Bc5 8.
Bxf5 Bxf5 9. exf5 Bxf2 10. Nh3 Bb6 11. Re1 Nd7 12. Nf4 Ngf6 13. Nc3 Ng4 14. Nd3
O-O 15. Ne4 Rxf5 16. h3 Ngf6 17. Ng5 h6 18. g4 Rxg5 19. Bxg5 hxg5 20. Nxe5 Nc5
21. c3 Nce4 22. Nd3 Re8 23. c4 Bd4 24. Kc2 b5 25. cxb5 cxb5 26. Rad1 Nd5 27.
Kb1 Ne3 28. Rc1 Nd2+ 29. Ka1 Ndc4 30. Kb1 Rf8 31. Rh1 Rf3 32. Rcg1 Nf1 33. Rg2
Ncd2+ 34. Kc1 Rxd3 35. Rxd2 Rxd2 36. Rxf1 Rxb2 0-1

[Event "Schloss op 1st"]
[Site "Heusenstamm"]
[Date "2014.11.21"]
[Round "3.15"]
[White "Kolker, Vladislav"]
[Black "Chandler, Patrick"]
[Result "1-0"]
[WhiteElo "1982"]
[BlackElo "2178"]
[PlyCount "67"]
[EventDate "2014.11.??"]
[EventType "swiss"]
[EventRounds "7"]
[EventCountry "GER"]
[WhiteTeam "SC Bad Nauheim"]
[BlackTeam "SC 1934 Gelnhausen"]

1. e4 Nc6 2. d4 d5 3. e5 Bf5 4. f4 h5 5. c3 Qd7 6. Nf3 e6 7. Bd3 Nh6 8. O-O Be7
9. Be3 O-O-O 10. b4 Rdg8 11. a4 f6 12. a5 Bd8 13. b5 Nb8 14. c4 g5 15. exf6
Bxd3 16. Qxd3 dxc4 17. Qxc4 Nf5 18. Re1 Nd6 19. Qb3 gxf4 20. Ne5 Qe8 21. Bxf4
Bxf6 22. b6 a6 23. bxc7 Nd7 24. Na3 Nf8 25. Rab1 Bxe5 26. Bxe5 Qc6 27. Re2 Nf5
28. Nc4 Nd7 29. Bxh8 Nh4 30. g3 Nf3+ 31. Kf2 Rf8 32. Ke3 Nxh2 33. Nd6+ Kxc7 34.
Qxb7+ 1-0

[Event "Schloss op 1st"]
[Site "Heusenstamm"]
[Date "2014.11.21"]
[Round "3.16"]
[White "Schupp, Tobias"]
[Black "Klebs, Sebastian"]
[Result "1-0"]
[WhiteElo "2130"]
[BlackElo "1930"]
[PlyCount "53"]
[EventDate "2014.11.??"]
[EventType "swiss"]
[EventRounds "7"]
[EventCountry "GER"]
[WhiteTeam "SK Niederbrechen 1948"]
[BlackTeam "Karlsruher SF"]

1. e4 c5 2. Nf3 e6 3. g3 d5 4. exd5 exd5 5. d4 Nc6 6. Bg2 Bg4 7. Be3 cxd4 8.
Bxd4 Qe7+ 9. Kf1 Nxd4 10. Qxd4 Nf6 11. Nc3 Be6 12. Re1 Qb4 13. Bh3 Bc5 14. Qxb4
Bxb4 15. Bxe6 fxe6 16. Rxe6+ Kf7 17. Ng5+ Kf8 18. Nb5 a6 19. Nd4 h6 20. Ngf3
Re8 21. Rxe8+ Kxe8 22. c3 Ba5 23. Kg2 Nd7 24. Re1+ Kf7 25. Nf5 Bd8 26. Nd6+ Kf6
27. Nd4 1-0

[Event "Schloss op 1st"]
[Site "Heusenstamm"]
[Date "2014.11.21"]
[Round "3.17"]
[White "Schultze, Joerg Martin"]
[Black "Hoti, Safet"]
[Result "1-0"]
[WhiteElo "2011"]
[BlackElo "2107"]
[PlyCount "85"]
[EventDate "2014.11.??"]
[EventType "swiss"]
[EventRounds "7"]
[EventCountry "GER"]
[WhiteTeam "SF Anderssen Wetzlar"]
[BlackTeam "SC Heusenstamm"]

1. d4 Nf6 2. c4 c6 3. Nc3 d5 4. e3 Bf5 5. cxd5 Nxd5 6. Qb3 Nb6 7. Nf3 e6 8. e4
Bg4 9. Ne5 Bh5 10. Be3 Be7 11. g4 Bg6 12. O-O-O N8d7 13. f4 Nxe5 14. dxe5 Qc8
15. f5 exf5 16. exf5 Bxf5 17. gxf5 Qxf5 18. Bd3 Qxe5 19. Rhe1 Qc7 20. Bc5 Nc8
21. Qa3 b6 22. Bxe7 Nxe7 23. Re2 Rd8 24. Rde1 Rd7 25. Qb4 Kd8 26. Qh4 f6 27.
Bc2 Kc8 28. Kb1 Kb8 29. Qb4 a5 30. Qg4 g6 31. Qe6 Rf8 32. Ba4 Kb7 33. Qxd7 Qxd7
34. Rxe7 Kc7 35. Nd5+ Kd6 36. Rxd7+ Kxd7 37. Nxb6+ Kc7 38. Nc4 f5 39. Re7+ Kd8
40. Rxh7 f4 41. Bxc6 f3 42. Rd7+ Kc8 43. Nb6+ 1-0

[Event "Schloss op 1st"]
[Site "Heusenstamm"]
[Date "2014.11.21"]
[Round "3.18"]
[White "Sanati, Charlotte"]
[Black "Benninger, Rudolf"]
[Result "0-1"]
[WhiteElo "1776"]
[BlackElo "2087"]
[PlyCount "142"]
[EventDate "2014.11.??"]
[EventType "swiss"]
[EventRounds "7"]
[EventCountry "GER"]
[WhiteTeam "SG Trier"]
[BlackTeam "SC Heusenstamm"]

1. e4 g6 2. d4 Bg7 3. Nc3 c6 4. Nf3 d5 5. e5 f6 6. exf6 exf6 7. Bd3 Ne7 8. O-O
O-O 9. h3 Bf5 10. Bf4 Nd7 11. Bd6 Bxd3 12. Qxd3 Re8 13. Rfe1 Nf5 14. Rxe8+ Qxe8
15. Re1 Qf7 16. Bf4 Bf8 17. Ne2 Re8 18. Ng3 Rxe1+ 19. Nxe1 Nd6 20. Qb3 Qe6 21.
Nd3 b6 22. c3 c5 23. Qd1 h5 24. Be3 Nf5 25. Nxf5 Qxf5 26. Nf4 Bd6 27. Qd3 Qxd3
28. Nxd3 Kf7 29. Nf4 Bxf4 30. Bxf4 cxd4 31. cxd4 Ke6 32. f3 Kf5 33. Be3 Ke6 34.
Kf2 b5 35. Ke2 Nb8 36. Kd3 Nc6 37. Bd2 h4 38. Be1 g5 39. Bd2 a5 40. a3 a4 41.
Kc3 Kf5 42. Be3 Ke6 43. Bd2 Kf5 44. Be3 Kg6 45. Bf2 f5 46. Be3 f4 47. Bf2 Kf5
48. Be1 Ke6 49. Kd3 Ne7 50. Bd2 Nf5 51. Bc1 Kd6 52. Bd2 Kc6 53. Bc1 Nd6 54. Kc3
Nc4 55. Kd3 Kd6 56. Ke2 Ke6 57. Kd3 Kd7 58. Ke2 Kc6 59. Kd3 Kb6 60. Kc2 b4 61.
Kd3 Kb5 62. Kc2 bxa3 63. bxa3 Ne3+ 64. Kd3 Nxg2 65. Bd2 Ne3 66. Bxe3 fxe3 67.
Kxe3 Kc4 68. Ke2 Kxd4 69. Kd2 Kc4 70. Kc2 d4 71. Kd2 Kb3 0-1

[Event "Schloss op 1st"]
[Site "Heusenstamm"]
[Date "2014.11.21"]
[Round "3.19"]
[White "Werner, Dimo"]
[Black "Lotz, Ralf"]
[Result "1/2-1/2"]
[WhiteElo "2083"]
[BlackElo "1895"]
[PlyCount "69"]
[EventDate "2014.11.??"]
[EventType "swiss"]
[EventRounds "7"]
[EventCountry "GER"]
[WhiteTeam "TSV Schott Mainz"]
[BlackTeam "SC 1952 Obertshausen"]

1. d4 e6 2. c4 d5 3. Nc3 Nf6 4. Nf3 Be7 5. Bg5 c6 6. e3 Nbd7 7. Qc2 h6 8. Bh4
O-O 9. Bd3 dxc4 10. Bxc4 Nb6 11. Bb3 Nfd5 12. Bg3 Nxc3 13. bxc3 Nd5 14. O-O Qa5
15. c4 Nb4 16. Qe2 Qa3 17. c5 f6 18. Rfc1 b5 19. Rab1 Bd8 20. e4 Ba5 21. Qe3
Kh7 22. Qe2 Rd8 23. Bf4 Na6 24. Rc2 Bc7 25. Bc1 Qa5 26. Bd2 b4 27. e5 f5 28.
Be3 Rb8 29. Nh4 g6 30. g3 Qb5 31. Bc4 Qb7 32. Ng2 Ba5 33. Nf4 Nc7 34. h4 Nb5
35. Bxb5 1/2-1/2

[Event "Schloss op 1st"]
[Site "Heusenstamm"]
[Date "2014.11.21"]
[Round "3.20"]
[White "Libuda, Thomas"]
[Black "Rosenberger, Frank"]
[Result "0-1"]
[WhiteElo "1924"]
[BlackElo "2067"]
[PlyCount "90"]
[EventDate "2014.11.??"]
[EventType "swiss"]
[EventRounds "7"]
[EventCountry "GER"]
[WhiteTeam "1 Hainstaedter SC 1950"]
[BlackTeam "SK 1980 Gernsheim"]

1. d4 d5 2. Nf3 c6 3. e3 Bf5 4. Bd3 Bxd3 5. cxd3 Nf6 6. O-O e6 7. Bd2 Nbd7 8.
b4 Be7 9. Qb3 O-O 10. a4 Rc8 11. Rc1 Bd6 12. Na3 Qe7 13. h3 e5 14. dxe5 Nxe5
15. Ne1 Rfd8 16. Nac2 Bb8 17. Nd4 Nfd7 18. f4 Ng6 19. Nef3 Nf6 20. Qd1 Qd7 21.
Qe1 Re8 22. Qg3 b6 23. Qf2 c5 24. bxc5 bxc5 25. Nb3 Qe7 26. f5 Ne5 27. Nxe5
Qxe5 28. g4 c4 29. d4 Qd6 30. Nc5 Ne4 31. Nxe4 Rxe4 32. Rab1 Qa6 33. a5 Bd6 34.
Qe1 Rce8 35. Qd1 Be7 36. Qa4 Bg5 37. Re1 Qd6 38. Re2 Qg3+ 39. Rg2 Bxe3+ 40.
Bxe3 Qxe3+ 41. Kh2 Qf4+ 42. Kh1 Re1+ 43. Rxe1 Rxe1+ 44. Rg1 Qf3+ 45. Kh2 Re2+
0-1

[Event "Schloss op 1st"]
[Site "Heusenstamm"]
[Date "2014.11.21"]
[Round "3.21"]
[White "Baumgartl, Guenther"]
[Black "Foskanjan, Serschik"]
[Result "0-1"]
[WhiteElo "2060"]
[BlackElo "1888"]
[PlyCount "68"]
[EventDate "2014.11.??"]
[EventType "swiss"]
[EventRounds "7"]
[EventCountry "GER"]
[WhiteTeam "SC 1952 Obertshausen"]
[BlackTeam "SV Mainz Mombach"]

1. e4 Nc6 2. Bc4 Nf6 3. Nc3 e5 4. Nf3 Bc5 5. O-O O-O 6. d3 d6 7. h3 Be6 8. Bg5
Ne7 9. Bxf6 gxf6 10. Qd2 c6 11. Qh6 Ng6 12. Ne2 d5 13. Ng3 Nf4 14. Bb3 Kh8 15.
Nh5 Nxh5 16. Qxh5 Rg8 17. Kh2 Rg6 18. Nh4 Rg5 19. Qe2 Qe7 20. f4 exf4 21. d4
Bd6 22. Nf3 Rag8 23. e5 Rxg2+ 24. Qxg2 Rxg2+ 25. Kxg2 fxe5 26. dxe5 Bxe5 27. c3
Bc7 28. Kh2 Qf6 29. Rg1 Qf5 30. Rg4 Qd3 31. Bd1 Bxg4 32. hxg4 Qe3 33. Kg2 Bb6
34. g5 Qf2+ 0-1

[Event "Schloss op 1st"]
[Site "Heusenstamm"]
[Date "2014.11.21"]
[Round "3.23"]
[White "Roemer, Torsten"]
[Black "Modric, Vladimir"]
[Result "1/2-1/2"]
[WhiteElo "2058"]
[BlackElo "1888"]
[PlyCount "84"]
[EventDate "2014.11.??"]
[EventType "swiss"]
[EventRounds "7"]
[EventCountry "GER"]
[WhiteTeam "SK Niederbrechen 1948"]
[BlackTeam "SC 1965 Koenig Nied"]

1. d4 d6 2. e4 Nf6 3. Bd3 c6 4. Nf3 e5 5. O-O Nbd7 6. c3 Be7 7. Nbd2 O-O 8. a4
b6 9. Nc4 Qc7 10. dxe5 dxe5 11. Qc2 Re8 12. Re1 Bb7 13. b4 a5 14. Rb1 Ba6 15.
Bd2 axb4 16. cxb4 c5 17. b5 Bb7 18. Ra1 Bd8 19. Bc3 Qb8 20. Qb2 Bc7 21. Nfd2
Nh5 22. g3 g6 23. Ne3 Ng7 24. Bc4 Ne6 25. Bxe6 Rxe6 26. Nd5 Nf6 27. Nxf6+ Rxf6
28. Nc4 Re6 29. f3 Qe8 30. Red1 f5 31. exf5 gxf5 32. Rf1 f4 33. Rad1 fxg3 34.
hxg3 Qg6 35. Rd7 Qxg3+ 36. Qg2 Qxg2+ 37. Kxg2 Rg6+ 38. Kf2 Rxa4 39. Rxc7 Rxc4
40. Bxe5 Rc2+ 41. Ke3 Rg5 42. Kf4 h6 1/2-1/2